书目信息 |
| 题名: |
歌德的格言和感想集
|
|
| 作者: | ||
| 分册: | ||
| 出版信息: | 北京 中国社会科学出版社 |
|
| 页数: | 页 | |
| 开本: | 20cm | |
| 丛书名: | ||
| 单 册: | ||
| 中图分类: | I516.6 | |
| 科图分类: | ||
| 主题词: | 文学 | |
| 电子资源: | ||
| ISBN: | ||
| 000 | 00430nam0 2200169 450 | |
| 001 | 0728815141 | |
| 005 | 20070819080015.14 | |
| 010 | @d¥0.51 | |
| 100 | @a20070819d km y0chiy0120 ea | |
| 101 | 0 | @achi |
| 200 | 1 | @a歌德的格言和感想集@Age de de ge yan he gan xiang ji |
| 210 | @a北京@c中国社会科学出版社 | |
| 215 | @a页@d20cm | |
| 606 | 0 | @a文学 |
| 690 | @aI516.6@v3 | |
| 801 | 0 | @aCN@bPFT@c20070819 |
| 905 | @a213230@dI516.6@eZW59@f1 | |
| 歌德的格言和感想集.-北京:中国社会科学出版社 |
| 页;20cm |
| ISBN :¥0.51 |
| ● |
| 相关链接 |
|
|
|
|
正题名:歌德的格言和感想集
索取号:I516.6/ZW59
 
预约/预借
| 序号 | 登录号 | 条形码 | 馆藏地/架位号 | 状态 | 备注 |
| 1 | 7602926 | 276029263 | 密集书库-文学院/ [索取号:I516.6/ZW59] | 在馆 |